| Tag |
First Indicator |
Second Indicator |
Subfields |
| LEADER |
00000cam a2200000 a 4500 |
| 001 |
in00001387708 |
| 005 |
20151019164826.0 |
| 008 |
970409s1997 gw ab b 100 0 eng |
| 010 |
|
|
|a 97011988
|
| 020 |
|
|
|a 3540628835
|
| 035 |
|
|
|a (OCoLC)36767936
|
| 035 |
|
|
|9 AHK5510AM
|
| 040 |
|
|
|a DLC
|c DLC
|d TXA
|d UtOrBLW
|
| 043 |
|
|
|a e------
|
| 049 |
|
|
|a TXAM
|
| 050 |
0 |
0 |
|a QC879.73.E85
|b A86 1997
|
| 082 |
0 |
0 |
|a 551.51/42
|2 21
|
| 245 |
0 |
0 |
|a Atmospheric ozone dynamics :
|b observations in the Mediterranean Region /
|c edited by Costas Varotsos.
|
| 264 |
|
1 |
|a Berlin ;
|a New York :
|b Springer,
|c [1997]
|
| 264 |
|
4 |
|c ©1997
|
| 300 |
|
|
|a xii, 336 pages :
|b illustrations (some color), maps ;
|c 25 cm.
|
| 336 |
|
|
|a text
|b txt
|2 rdacontent
|
| 337 |
|
|
|a unmediated
|b n
|2 rdamedia
|
| 338 |
|
|
|a volume
|b nc
|2 rdacarrier
|
| 490 |
1 |
|
|a NATO ASI series. Series I, Global environmental change ;
|v vol. 53
|
| 500 |
|
|
|a "Published in cooperation with NATO Scientific Affairs Division."
|
| 500 |
|
|
|a "Proceedings of the NATO Advanced Research Workshop 'Ground Level and Satellite Ozone Observations. Changes in the Mediterranean Region', held in Athens, Greece, October 31-November 4, 1995"--Title page verso.
|
| 504 |
|
|
|a Includes bibliographical references.
|
| 650 |
|
0 |
|a Atmospheric ozone
|z Mediterranean Region
|x Observations
|x Congresses.
|
| 650 |
|
0 |
|a Ultraviolet radiation
|x Measurement
|x Congresses.
|
| 650 |
|
0 |
|a Troposphere
|x Measurement
|x Congresses.
|
| 700 |
1 |
|
|a Varotsos, Costas,
|d 1956-
|
| 710 |
2 |
|
|a North Atlantic Treaty Organization.
|b Scientific Affairs Division.
|
| 830 |
|
0 |
|a NATO ASI series.
|n Series I,
|p Global environmental change ;
|v vol. 53.
|
| 999 |
|
|
|a MARS
|
| 999 |
f |
f |
|s 37100ae1-6c5e-3c7e-b55c-9f2d2c8b4d59
|i a0b6dbd6-89cc-32f1-a537-55bee02cc874
|t 0
|
| 952 |
f |
f |
|p ric
|a Texas A&M University
|b Rellis Campus
|c Joint Library Facility
|d Remote Storage
|t 0
|e QC879.73.E85 A86 1997
|h Library of Congress classification
|i unmediated -- volume
|m A14821450885
|
| 998 |
f |
f |
|a QC879.73.E85 A86 1997
|t 0
|l Remote Storage
|